Statistics for Biggest Cities in Africa - Extreme

Click here to take the quiz!

General Stats

  • This quiz has been taken 1,136 times
    (1,124 since last reset)
  • The average score is 65 of 200

Answer Stats

Population Answer % Correct
13.4mJohannesburg
99%
18.2mLagos
98%
18.2mCairo
98%
4.13mCape Town
97%
5.85mAlexandria
97%
3.83mAlgiers
94%
5.75mNairobi
93%
5.95mKhartoum
93%
11.6mKinshasa
93%
4.33mCasablanca
93%
3.65mAddis Ababa
90%
3.50mDakar
89%
5.90mDar-es-Salaam
89%
7.65mLuanda
89%
5.10mAccra
88%
2.75mMaputo
88%
1.83mMogadishu
87%
2.58mTunis
86%
2.40mHarare
85%
3.20mAbuja
84%
2.10mBrazzaville
84%
1.65mFreetown
83%
2.48mLusaka
82%
3.25mKampala
81%
2.38mAntananarivo
81%
3.25mBamako
80%
325kWindhoek
80%
1.48mMonrovia
80%
5.35mAbidjan
79%
1.19mLilongwe
79%
493kJuba
75%
411kDodoma
73%
1.22mNiamey
73%
1.31mN'Djamena
72%
1.11mMarrakesh
72%
4.40mKano
72%
1.24mFez
72%
1.30mPort Elizabeth
71%
2.38mConakry
71%
2.43mOuagadougou
71%
3.15mYaoundé
70%
3.13mDouala
70%
1.98mRabat
70%
3.33mDurban
69%
1.16mNouakchott
68%
1.20mMombasa
68%
804kAsmara
68%
421kGaborone
68%
396kBissau
68%
3.35mIbadan
66%
357kBanjul
66%
1.18mTripoli
64%
631kBenghazi
64%
2.05mLubumbashi
64%
282kYamoussoukro
63%
497kBujumbura
63%
507kLuxor
62%
1.09mKigali
53%
1.42mOran
53%
253kMaseru
53%
1.97mLomé
52%
1.08mTangier
50%
623kDjibouti
48%
1.13mBangui
47%
1.71mCotonou
46%
1.09mPointe-Noire
46%
704kLibreville
45%
2.20mPort Harcourt
45%
706kMwanza
43%
1.13mMaiduguri
42%
1.93mMbuji-Mayi
42%
788kBloemfontein
42%
1.14mOnitsha
39%
290kAswan
37%
2.95mKumasi
37%
1.57mBenin City
37%
807kBukavu
36%
489kPort Sudan
31%
603kPort Said
30%
635kEl Mahalla El Kubra
28%
598kCabinda
25%
306kBo
25%
1.15mAgadir
25%
955kSfax
25%
594kZanzibar
24%
1.09mKisangani
23%
565kSuez
22%
448kConstantine
21%
1.78mKaduna
20%
1.09mSousse
20%
416kArusha
20%
836kMeknes
20%
470kGoma / Gisenyi
19%
665kHuambo
18%
1.09mAba
18%
835kEast London
18%
1.07mBlantyre
17%
1.01mIlorin
16%
618kThohoyandou
16%
587kTshikapa
16%
409kKisumu
15%
653kBulawayo
14%
261kHurghada
14%
285kDire Dawa
14%
600kHargeisa
13%
555kUyo
13%
251kBata
13%
361kTamale
12%
519kMisrata / Zliten
12%
722kEnugu
12%
546kBeira
11%
371kCalabar
11%
900kJos
11%
329kNador / Mellila
11%
308kNakuru
11%
967kKananga
11%
537kBobo-Dioulasso
11%
471kNampula
11%
494kOujda
11%
427kSokoto
10%
359kAnnaba
10%
389kAsyut
10%
354kOgbomosho
10%
340kGondar
10%
557kWarri
9%
421kTanta
9%
445kNdola
9%
480kMansoura
8%
337kDamietta
8%
504kKitwe
8%
464kTetouan
8%
428kOyo
8%
544kBlida
7%
289kEldoret
7%
385kMbeya
7%
501kMakurdi
7%
618kPietermaritzburg
7%
445kSekondi-Takoradi
7%
493kBauchi
7%
261kGombe
7%
366kIsmailia
7%
419kKassala
7%
536kBouaké
7%
509kIfe
6%
670kButembo
6%
695kZaria
6%
415kSafi
6%
291kMatadi
6%
288kSetif
6%
449kAbeokuta
6%
418kEl Obeid
6%
256kLubango
6%
398kKikwit
6%
297kGaroua
6%
1.00mTouba
6%
401kBizerte
6%
320kOkene
5%
324kMbandaka
5%
318kKatsina
5%
257kMinya
5%
349kFaiyum
5%
286kKorhogo
5%
348kMinna
5%
431kKenitra
5%
261kSan Pedro
5%
453kKolwezi
5%
309kNsukka
4%
297kBatna
4%
297kBahir Dar
4%
303kIseyin
4%
311kMaradi
4%
358kOndo
4%
447kLikazi
4%
331kLafia
4%
402kOwerri
4%
393kYola
4%
320kZagazig
4%
500kBamenda
4%
484kAkure
4%
474kNelspruit
3%
421kOsogbo
3%
345kWad Madani
3%
308kBiskra
3%
308kAdo Ekiti
3%
319kDaloa
3%
324kAdama
3%
315kAwassa
3%
302kBafoussam
3%
300kNzérékoré
3%
345kKosti
2%
359kUmuahia
2%
447kBeni Mellal
2%
451kMtatha
2%
357kChitungwiza
2%
339kDjelfa
2%
337kUvira
2%
305kIlesa
1%
253kSagamu
1%
327kBunia
1%
301kAwka
1%

Score Distribution

Percentile by Number Answered

Percent of People with Each Score

Your Score History

You have not taken this quiz since the last reset